| 000 | 00534nam a22002057a 4500 | ||
|---|---|---|---|
| 003 | OSt | ||
| 005 | 20160719174255.0 | ||
| 008 | 160719b xxu||||| |||| 00| 0 eng d | ||
| 020 | _a034076399-x | ||
| 040 | _cDNLM. | ||
| 082 | _aWB50J41c 2001. | ||
| 100 |
_aJenocek,Milos; _910311 |
||
| 245 | _aClinical case Reporting in Evidence Based Medicine; | ||
| 250 | _a2nd ed. | ||
| 260 |
_aLondon. _bArnold. _c2001. |
||
| 300 |
_axix,231p; _bill; _c24cm. |
||
| 504 | _aincludes Glossary. | ||
| 650 |
_aMedicine, _9324 |
||
| 942 |
_2z _cO_SHELF |
||
| 999 |
_c4794 _d4794 |
||